| 000 | 01668cam a22004217a 4500 | ||
|---|---|---|---|
| 999 |
_c529854 _d529854 |
||
| 001 | 14005338 | ||
| 003 | NUST | ||
| 005 | 20191003151018.0 | ||
| 008 | 050616s2004 dcuadk b 000 0 eng d | ||
| 010 | _a 2004096315 | ||
| 020 | _a0309070155 | ||
| 035 | _a(OCoLC)ocm57313161 | ||
| 038 | _aMSOHAIL | ||
| 040 |
_aTRL _cTRL _dDAY _dOCLCQ _dDLC |
||
| 042 | _alccopycat | ||
| 043 | _an------ | ||
| 050 | 0 | 0 |
_aTE195 _b.W54 2004 |
| 082 | 0 | 0 |
_a363.12564 _222 |
| 100 | 1 |
_aWilson, Eugene M. _q(Eugene Madison), _d1943- _922598 |
|
| 245 | 1 | 0 |
_aRoad safety audits / _cEugene M. Wilson and Martin E. Lipinski. |
| 260 |
_aWashington, D.C. : _bTransportation Research Board, National Research Council, _cc2004. |
||
| 300 |
_a127 p. : _bill., charts, forms ; _c28 cm. |
||
| 490 | 1 |
_aNCHRP synthesis, _x0547-5570 ; _v336 |
|
| 504 | _aIncludes bibliographical references. | ||
| 650 | 0 |
_aRoads _xInspection _zNorth America. _922785 |
|
| 650 | 0 |
_aRoads _zNorth America _xSafety measures _xEvaluation. _922786 |
|
| 650 | 0 |
_aTraffic safety _zNorth America _xEvaluation. _922787 |
|
| 650 | 0 |
_aTraffic engineering _zNorth America _xEvaluation. _922788 |
|
| 650 | 7 |
_asafety audits. _2trt _922789 |
|
| 653 | _aRoad safety audits. | ||
| 700 | 1 |
_aLipinski, Martin E. _922790 |
|
| 710 | 2 |
_aNational Cooperative Highway Research Program. _920864 |
|
| 830 | 0 |
_aSynthesis of highway practice ; _v336. _922791 |
|
| 856 | 4 | 1 | _uhttp://www.trb.org/publications/nchrp/nchrp%5Fsyn%5F336.pdf |
| 906 |
_a7 _bcbc _ccopycat _d2 _eepcn _f20 _gy-gencatlg |
||
| 942 |
_2ddc _cBK |
||